000 00440nam a2200193Ia 4500
008 240510s9999 xx 000 0 und d
020 _a0000749436867
041 _aEng
082 _a374.26
082 _bS14
100 _aSALMON, G
245 0 _aE TIVITIES : THE KEY TO ACTIVE ONLINE LEARNING
260 _bKOGAN PAGE : LONDON
260 _c2002
300 _a223 p.
650 _aE-EDUCATION :
942 _2ddc
942 _cRBK
999 _c27144
_d27144
945 _a1
_bMadushi Gamage
_c1
_dMadushi Gamage